000 00463nam a2200145Ia 4500
005 20240821151729.0
008 240821s9999||||xx |||||||||||||| ||und||
082 _a371.95 AND
100 _aAnderson, Kenneth E.
245 0 _aEducational achievement of Indian children : A re-examination of the question : How well are Indian children educated
260 _aKanas
_bBureau of Indian Affairs
_c1953
300 _a116p
650 _aSPECIAL EDUCATION
942 _cBK
999 _c42278
_d42278